[Event "Pierre BERGMAN"]
[Site "http://www.queenalice.com/game.php?id=1045063"]
[Date "2012.4.2"]
[Round "1"]
[White "Tsol"]
[Black "gbsalvio"]
[Result "1-0"]
[WhiteElo "2604"]
[BlackElo "2613"]

1. e4 b6 2. d4 Bb7 3. Bd3 Nc6 4. c3 e5 5. Nf3 exd4 6. cxd4 Nb4 7. O-O Nxd3 8.
Qxd3 Ne7 9. Nc3 Ng6 10. g3 Bb4 11. h4 h6 12. h5 1-0

[Event "Pierre BERGMAN"]
[Site "http://www.queenalice.com/game.php?id=1050094"]
[Date "2012.4.18"]
[Round "2"]
[White "lupengui"]
[Black "Tsol"]
[Result "0-1"]
[WhiteElo "2762"]
[BlackElo "2612"]

1. e4 e5 2. Nf3 Nc6 3. Bb5 a6 4. Ba4 Nf6 5. O-O Be7 6. Nc3 b5 7. Bb3 O-O 8. Nd5
Nxe4 9. Nxe7+ Qxe7 10. Bd5 Nf6 11. Bxc6 dxc6 12. d3 Re8 13. Re1 Qd6 14. b3 Bg4
15. h3 Bh5 16. Bb2 Nd7 17. g4 Bg6 18. Nd2 a5 19. a4 f6 20. h4 Nc5 21. Qf3 bxa4
22. Ba3 Qd4 23. h5 Bf7 24. Bxc5 Qxc5 25. Ne4 Qb4 0-1

[Event "Pierre BERGMAN"]
[Site "http://www.queenalice.com/game.php?id=1062649"]
[Date "2012.5.22"]
[Round "3"]
[White "Tsol"]
[Black "Kuarwaki"]
[Result "1/2-1/2"]
[WhiteElo "2640"]
[BlackElo "2625"]

1. e4 e6 2. d4 d5 3. Nc3 Nf6 4. e5 Nfd7 5. f4 c5 6. Nf3 Nc6 7. Be3 Qb6 8. Be2
cxd4 9. Nxd4 Bc5 10. Na4 Qa5+ 11. c3 Nxd4 12. Bxd4 Bxd4 13. Qxd4 b6 14. O-O Ba6
15. Bxa6 Qxa6 16. f5 O-O 17. f6 gxf6 18. exf6 Kh8 19. b3 Qe2 20. c4 Rg8 21. Rf2
Qh5 22. Qd1 Qe5 23. Qf1 d4 24. Nb2 Qd6 25. Nd3 Rg5 26. Qe2 Rag8 27. Re1 R8g6 28.
b4 h6 29. a3 Rxf6 30. c5 bxc5 31. bxc5 Rxf2 32. Qxf2 Qc6 1/2-1/2

[Event "Pierre BERGMAN"]
[Site "http://www.queenalice.com/game.php?id=1072325"]
[Date "2012.6.15"]
[Round "4"]
[White "Conde7"]
[Black "Tsol"]
[Result "1-0"]
[WhiteElo "2714"]
[BlackElo "2648"]

1. e4 e5 2. Nf3 Nc6 3. Bb5 a6 4. Ba4 Nf6 5. O-O Be7 6. Re1 b5 7. Bb3 O-O 8. c3
d5 9. exd5 Nxd5 10. Nxe5 Nxe5 11. Rxe5 c6 12. d4 Bd6 13. Re1 Qh4 14. g3 Qh3 15.
Be3 Bg4 16. Qd3 Rae8 17. Nd2 Re6 18. a4 Qh5 19. axb5 axb5 20. Nf1 Bf5 21. Qd2
Be4 22. Bd1 Qg6 23. Qe2 b4 24. Bd2 Bd3 25. Qg4 Rxe1 26. Bxe1 Qxg4 27. Bxg4 f5
28. Bh3 bxc3 29. bxc3 g6 30. Ne3 Nxe3 31. fxe3 Rb8 32. Bf1 Be4 33. Bg2 Bxg2 34.
Kxg2 Rb2+ 35. Kf1 Rxh2 36. Ra6 Rc2 37. Rxc6 Ba3 38. c4 Kf7 39. c5 Bc1 40. Bf2 h6
41. d5 Bb2 42. Rc7+ Kf6 43. d6 1-0

[Event "sical-2"]
[Site "http://www.queenalice.com/game.php?id=1083806"]
[Date "2012.7.18"]
[Round "2"]
[White "Tsol"]
[Black "PunditJi"]
[Result "1-0"]
[WhiteElo "2640"]
[BlackElo "2593"]

1. e4 e6 2. d4 d5 3. Nc3 Nf6 4. e5 Nfd7 5. f4 c5 6. Nf3 Nc6 7. Be3 Be7 8. Qd2
O-O 9. a3 a6 10. dxc5 Bxc5 11. Bxc5 Nxc5 12. Qf2 Qa5 13. O-O-O Nd7 14. Bd3 h6
15. Ne2 Qc5 16. Nfd4 Nxd4 17. Nxd4 Nb6 18. g4 Na4 19. g5 h5 20. g6 f6 21. Rhe1
Rb8 22. f5 fxe5 23. Rxe5 Qb6 24. Bb5 exf5 25. Bxa4 Qxg6 26. Bb3 Kh8 27. Rg1 Qf6
28. Qe2 1-0

[Event "AUTO-ELITE-1028"]
[Site "http://www.queenalice.com/game.php?id=1089318"]
[Date "2012.8.1"]
[Round "1"]
[White "Cuxtal"]
[Black "Tsol"]
[Result "1/2-1/2"]
[WhiteElo "2598"]
[BlackElo "2646"]

1. f4 d5 2. Nf3 Nf6 3. e3 Bf5 4. Be2 e6 5. Nh4 Nc6 6. Nxf5 exf5 7. d4 Bb4+ 8. c3
Be7 9. O-O O-O 10. a3 Re8 11. c4 dxc4 12. Bxc4 Na5 13. Ba2 c5 14. dxc5 Qxd1 15.
Rxd1 Ne4 16. Rd5 Rad8 17. Nd2 Rxd5 18. Bxd5 Nf6 19. Ba2 Bxc5 20. Nf1 Nc6 21. Kf2
g6 22. Kf3 Ne4 23. Ng3 Nxg3 24. hxg3 Rd8 25. Ke2 Re8 26. Bd2 Bd4 27. a4 Re7 28.
Rb1 Kg7 29. b4 Bf6 30. Kf3 Rd7 31. Ke2 Re7 32. Rc1 1/2-1/2

[Event "AUTO-ELITE-1028"]
[Site "http://www.queenalice.com/game.php?id=1089319"]
[Date "2012.8.1"]
[Round "1"]
[White "Tsol"]
[Black "Cuxtal"]
[Result "1/2-1/2"]
[WhiteElo "2647"]
[BlackElo "2601"]

1. e4 c6 2. d4 d5 3. Nc3 dxe4 4. Nxe4 Nf6 5. Nxf6+ exf6 6. Nf3 Bd6 7. Bd3 O-O 8.
O-O Re8 9. h3 Na6 10. c4 Be6 11. a3 Qd7 12. Re1 Nc7 13. Be3 Bf5 14. Bxf5 Qxf5
15. Qa4 b5 16. Qa5 Qd7 17. b3 Rad8 18. Rac1 Ne6 19. cxb5 cxb5 20. d5 Nf4 21.
Bxf4 Bxf4 22. Rxe8+ Rxe8 23. Rc5 Rb8 24. Nd4 g6 25. Rxb5 Re8 26. Rc5 Qe7 27. g4
f5 28. Nf3 fxg4 29. hxg4 Qd7 30. Nh2 Bxh2+ 31. Kxh2 Qxg4 32. Qc3 h5 1/2-1/2

[Event "AUTO-ELITE-1028"]
[Site "http://www.queenalice.com/game.php?id=1089322"]
[Date "2012.8.1"]
[Round "1"]
[White "Suso71"]
[Black "Tsol"]
[Result "1-0"]
[WhiteElo "2694"]
[BlackElo "2644"]

1. d4 d5 2. c4 c6 3. Nc3 Nf6 4. Nf3 e6 5. e3 Nbd7 6. Bd3 Bd6 7. O-O O-O 8. Qc2
dxc4 9. Bxc4 e5 10. Bb3 h6 11. Rd1 Qc7 12. h3 a5 13. dxe5 Bxe5 14. Nxe5 Qxe5 15.
Bc4 Nc5 16. f3 Be6 17. Bf1 Rfd8 18. e4 Rxd1 19. Qxd1 b6 20. Ne2 Nh5 21. Qd4 Qc7
22. Be3 Rd8 23. Qc3 Rd7 24. Bd4 Na4 25. Qc2 Nf4 26. Bf2 Nxe2+ 27. Bxe2 Nc5 28.
b3 Qe5 29. Rc1 Qg5 30. h4 Qd2 31. Bf1 Qf4 32. Rd1 Rxd1 33. Qxd1 Qc7 34. g4 Nd7
35. Qd2 f6 36. Kg2 Ne5 37. g5 hxg5 38. hxg5 Qd7 39. Qxd7 Nxd7 40. gxf6 gxf6 41.
Kg3 Kf7 42. f4 Ke7 43. Bd3 a4 44. bxa4 Bxa2 45. Bc2 Kd6 46. Kf3 b5 47. a5 Bc4
48. Ke3 c5 49. Bh4 b4 50. Ba4 Kc7 51. Bxd7 Kxd7 52. Bxf6 Kc6 53. Be7 Bg8 54. f5
Bc4 55. Kf4 Be2 56. Bh4 b3 57. Bf6 1-0

[Event "AUTO-ELITE-1028"]
[Site "http://www.queenalice.com/game.php?id=1089323"]
[Date "2012.8.1"]
[Round "1"]
[White "Tsol"]
[Black "Suso71"]
[Result "0-1"]
[WhiteElo "2651"]
[BlackElo "2683"]

1. e4 c6 2. d4 d5 3. Nc3 dxe4 4. Nxe4 Nd7 5. Bc4 Ngf6 6. Nxf6+ Nxf6 7. c3 Qc7 8.
Ne2 e6 9. Bf4 Bd6 10. Bxd6 Qxd6 11. Qd2 b6 12. Qf4 Qe7 13. O-O O-O 14. Qe3 Bb7
15. Nf4 Rfd8 16. Rad1 c5 17. dxc5 bxc5 18. f3 Qc7 19. Rd3 Rab8 20. Rfd1 Re8 21.
g3 h5 22. Qd2 a5 23. Qf2 a4 24. R3d2 h4 25. Nd3 hxg3 26. hxg3 Red8 27. g4 Nh7
28. f4 Qc6 29. Qh4 Qe4 30. Rh2 g5 31. fxg5 Qe3+ 32. Qf2 Qxf2+ 33. Kxf2 Bd5 34.
Bxd5 Rxd5 35. g6 fxg6 36. Ke2 Ng5 37. Rhh1 a3 38. bxa3 Ra8 39. Nf4 Re5+ 40. Kd3
Re4 41. Rh6 Rd8+ 42. Kc2 Rxd1 43. Kxd1 Kf7 44. Nd3 c4 45. Nc5 Re5 46. Nb7 Re3
47. Kd2 Rg3 48. Nc5 Rxg4 49. a4 e5 50. a3 Rg2+ 51. Kd1 Kf6 52. Rh3 Nxh3 0-1

[Event "sergiogvh-2"]
[Site "http://www.queenalice.com/game.php?id=1091199"]
[Date "2012.8.7"]
[Round "2"]
[White "RenverKestak"]
[Black "Tsol"]
[Result "0-1"]
[WhiteElo "2586"]
[BlackElo "2640"]

1. e4 e5 2. Nf3 Nc6 3. Bb5 a6 4. Bxc6 dxc6 5. O-O Bg4 6. h3 h5 7. d3 Qf6 8. Nbd2
Ne7 9. d4 Ng6 10. Re1 Nf4 11. hxg4 hxg4 12. g3 gxf3 13. Qxf3 Ne6 14. dxe5 Qxe5
15. Qf5 Qc5 16. Nf3 Rh5 17. Qxc5 Bxc5 18. Rd1 f6 19. Kg2 Kf7 20. e5 f5 21. Rd7+
Ke8 22. Rd1 g5 23. c3 Kf7 24. Rd7+ Be7 25. Nh2 Rah8 26. Nf1 Ke8 27. Rd3 g4 28.
Rb1 Nc5 29. Rd4 Rh1 30. b4 Ne4 31. Rc4 Kd7 32. Be3 Ke6 33. Re1 R8h7 34. a3 R1h5
35. Rxe4 fxe4 36. Bd4 e3 37. Rxe3 Bg5 38. Re4 Kf5 39. Re2 R5h6 40. a4 b6 41. a5
bxa5 42. bxa5 Rg6 43. Nh2 Be7 44. Nf1 Rf7 45. Be3 Ke6 46. Nd2 Rf8 47. Nb3 Kd5
48. Nd2 Rb8 49. Bf4 Ke6 50. Re1 Rb2 51. Ra1 Rc2 52. Rb1 Rxc3 53. Rb8 c5 54. Ra8
Kf7 55. Nb1 Rb3 56. Nd2 Rb4 57. Rh8 Ke6 58. Rc8 Kd7 59. Rh8 c4 60. Ne4 Rb5 61.
Rh7 Ke6 0-1

[Event "AUTO-ELITE-895"]
[Site "http://www.queenalice.com/game.php?id=1091839"]
[Date "2012.8.10"]
[Round "2"]
[White "Tsol"]
[Black "priit57"]
[Result "1/2-1/2"]
[WhiteElo "2642"]
[BlackElo "2604"]

1. e4 c5 2. Nf3 d6 3. c3 Nf6 4. Be2 g6 5. O-O Bg7 6. Qc2 O-O 7. d4 cxd4 8. cxd4
d5 9. e5 Ne4 10. Be3 Nc6 11. Nc3 Bf5 12. Nh4 Nxc3 13. Qxc3 Be6 14. Nf3 Rc8 15.
Qb3 Qd7 16. Ng5 Bf5 17. Rfc1 f6 18. exf6 Bxf6 19. Nf3 Be4 20. Nd2 Kg7 21. Bb5
Bf5 22. Nf3 Be4 23. Nd2 a6 24. Bxc6 Rxc6 25. Nxe4 dxe4 26. Rxc6 Qxc6 27. Rc1 Qd7
28. Qb6 Rc8 29. Rxc8 Qxc8 30. h3 Qc6 31. Qb3 h5 32. a4 b5 33. axb5 Qxb5 34. Qc3
a5 35. b3 Kf7 1/2-1/2

[Event "AUTO-ELITE-895"]
[Site "http://www.queenalice.com/game.php?id=1091840"]
[Date "2012.8.10"]
[Round "2"]
[White "priit57"]
[Black "Tsol"]
[Result "1-0"]
[WhiteElo "2625"]
[BlackElo "2641"]

1. e4 e5 2. Nf3 Nc6 3. Bb5 a6 4. Ba4 Nf6 5. O-O Be7 6. Re1 b5 7. Bb3 O-O 8. h3
d6 9. c3 Na5 10. Bc2 c5 11. d4 Qc7 12. Nbd2 cxd4 13. cxd4 Bb7 14. d5 Rac8 15.
Bd3 Nd7 16. Nf1 f5 17. Ng3 f4 18. Nf5 Bd8 19. b3 g6 20. Nh6+ Kg7 21. Ng4 h5 22.
Ngh2 Nc5 23. Ba3 Qb6 24. Bb4 Nxd3 25. Qxd3 Ba8 26. a4 Nb7 27. axb5 axb5 28. Qe2
Bf6 29. Ra3 Rfe8 30. Rea1 Nc5 31. Nd2 Bxd5 32. exd5 e4 33. Ra7+ Kh6 34. Rf7 Bxa1
35. Ng4+ hxg4 36. Qxg4 Qd8 37. Qxf4+ Qg5 38. Rh7+ Kxh7 39. Qxg5 e3 40. fxe3 Be5
41. Nf3 Ne4 42. Qh4+ Kg7 43. Nxe5 Rxe5 44. Ba3 g5 45. Qg4 Rc2 46. Kh2 Nf6 47.
Qd1 Ra2 48. Qc1 Rf5 49. e4 Nxe4 50. Qe3 Nf6 51. Bxd6 Rff2 52. Qxg5+ Kf7 53. Bf4
Rxg2+ 54. Qxg2 Rxg2+ 55. Kxg2 Nxd5 56. Kf3 Kg6 57. Ke4 Ne7 58. Kd4 Nf5+ 59. Ke4
Ne7 60. Bd2 Kh5 61. Be1 1-0

[Event "AUTO-ELITE-895"]
[Site "http://www.queenalice.com/game.php?id=1091841"]
[Date "2012.8.10"]
[Round "2"]
[White "Tsol"]
[Black "Cuxtal"]
[Result "1-0"]
[WhiteElo "2633"]
[BlackElo "2569"]

1. e4 e5 2. Nf3 Nc6 3. d4 exd4 4. Nxd4 Bc5 5. Be3 Qf6 6. c3 a6 7. Be2 Nge7 8.
O-O O-O 9. f4 d5 10. e5 Qh4 11. Nd2 Nxd4 12. Bxd4 Bxd4+ 13. cxd4 Nf5 14. Qa4 a5
15. Rf2 g6 16. Nf1 c6 17. Bd3 Qe7 18. Bxf5 Bxf5 19. Ng3 Be4 20. a3 f6 21. Raf1
f5 22. Rc1 Rfc8 23. Rc5 Qc7 24. h4 Rf8 25. h5 Kg7 26. Rc3 Qe7 27. Qd1 Rad8 28.
Rb3 Rg8 29. a4 Qf7 30. Rc3 Kh8 31. Qb3 Qe7 32. Qa3 Qf7 33. h6 Rb8 34. Rb3 Qc7
35. Qc5 b6 36. Qc3 Qd7 37. Rf1 Rgc8 38. Rc1 Qe7 39. Nxe4 fxe4 40. Qh3 Rc7 41.
Qg3 Rcc8 42. Qg4 Rc7 43. f5 gxf5 44. Qxf5 Rf8 45. Qh5 Qe6 46. Rxb6 Rg8 47. Rf1
Qg6 48. Qxg6 hxg6 49. Rf6 c5 50. dxc5 Kh7 51. c6 Kxh6 52. Kf2 d4 53. Rd6 Rgc8
54. Rxd4 Rxc6 55. Rxc6 Rxc6 56. Rxe4 Kg7 57. e6 Kf8 58. Re5 Ke7 59. Rxa5 1-0

[Event "AUTO-ELITE-895"]
[Site "http://www.queenalice.com/game.php?id=1091842"]
[Date "2012.8.10"]
[Round "2"]
[White "Cuxtal"]
[Black "Tsol"]
[Result "1/2-1/2"]
[WhiteElo "2574"]
[BlackElo "2647"]

1. d4 d5 2. c4 c6 3. Nf3 Nf6 4. e3 Bg4 5. h3 Bh5 6. Nc3 e6 7. Bd3 Be7 8. O-O O-O
9. Qe2 Nbd7 10. Bd2 Re8 11. Rae1 e5 12. cxd5 cxd5 13. e4 Bd6 14. Nxd5 Nxd5 15.
exd5 e4 16. g4 Bg6 17. Bb5 a6 18. Bxd7 Qxd7 19. Nh4 Bc7 20. f4 Qxd5 21. Be3 Bd8
22. Nxg6 hxg6 23. b3 b5 24. Rc1 Bb6 25. f5 Bxd4 26. Rfd1 Bxe3+ 27. Qxe3 Qb7 28.
fxg6 fxg6 29. Rd4 Rad8 30. Re1 Qc7 31. Red1 Rxd4 32. Rxd4 Qc2 33. Rd2 Qc1+ 34.
Kh2 Rf8 35. Re2 Qc7+ 36. Qg3 Rf4 37. Kg2 g5 38. Qe1 Qe5 39. a3 Qd5 40. Re3 Kh7
41. Qc3 Kh6 42. Qc1 Qd6 43. b4 Qf6 44. Qe1 Qb2+ 45. Qe2 Qd4 46. Kg3 Kg6 47. Kg2
Qe5 48. Qd2 Qa1 49. Qe2 Qd4 50. Qe1 Qd5 51. Qe2 Kh7 52. Qb2 Qd1 53. Qe2 Qd4 54.
Qe1 Qd5 55. Qe2 Kh6 56. Qc2 Qb7 57. Qd2 Kg6 58. Qd6+ Kh7 59. Qc5 Qf7 60. Qc2 g6
61. Rc3 Qd5 62. Re3 Qe5 63. Qc3 Qd6 64. Qc2 1/2-1/2

[Event "BRASILEIRÃO"]
[Site "http://www.queenalice.com/game.php?id=1110271"]
[Date "2012.10.7"]
[Round "2"]
[White "Tsol"]
[Black "PunditJi"]
[Result "0-1"]
[WhiteElo "2661"]
[BlackElo "2608"]

1. e4 e5 2. Nf3 Nc6 3. d4 exd4 4. Nxd4 Nf6 5. Nc3 Bc5 6. Be3 Bxd4 7. Bxd4 O-O 8.
Be2 d6 9. O-O Re8 10. f3 Nxd4 11. Qxd4 Qe7 12. a4 Bd7 13. Bc4 Bc6 14. Rad1 Qe5
15. Bb5 a6 16. Bxc6 bxc6 17. Qc4 c5 18. b3 h6 19. Rfe1 Rab8 20. Re3 Ra8 21. a5
h5 22. g3 h4 23. f4 Qh5 24. Qe2 Qg6 25. Re1 Ng4 26. Rd3 Nf6 27. Qg2 Qh6 28. Rd2
Rab8 29. Qf3 Re6 30. Rde2 Rbe8 31. Kg2 c6 32. Rd1 d5 33. Rde1 g5 34. e5 Nd7 35.
Na4 hxg3 36. Qxg3 f6 37. Nb6 Nf8 38. Kh1 fxe5 39. fxg5 Qh7 40. Na4 Qe7 41. h4 e4
42. Rf1 d4 43. Nb6 Qh7 44. h5 e3 45. Qf3 Re5 46. Qf6 Qe7 47. Qxc6 Rxg5 48. Rg1
Qe4+ 49. Qxe4 Rxg1+ 50. Kxg1 Rxe4 51. Nd5 Kf7 52. Nc7 Rg4+ 53. Kh2 Rg5 54. Kh3
Rxh5+ 55. Kg4 Rh6 56. Nd5 Nd7 57. Kf3 Ne5+ 58. Ke4 Ng6 59. Nxe3 Rh4+ 60. Kf5
dxe3 61. Rxe3 c4 62. Rc3 cxb3 63. cxb3 Rb4 64. Rc5 Rxb3 65. Ke4 Ne7 66. Ke5 Rd3
67. Ke4 Rd2 68. Rh5 Ra2 69. Kd3 Nc6 0-1

[Event "Challenge"]
[Site "http://www.queenalice.com/game.php?id=1127867"]
[Date "2012.12.2"]
[Round "-"]
[White "cro_kramnik"]
[Black "Tsol"]
[Result "1-0"]
[WhiteElo "2598"]
[BlackElo "2629"]

1. d4 d5 2. Nf3 Nf6 3. Bg5 Ne4 4. Bh4 c5 5. dxc5 Nc6 6. e3 g6 7. Nbd2 Nxc5 8.
Be2 Bg7 9. c3 O-O 10. O-O a5 11. Nd4 Re8 12. a4 Qb6 13. N4b3 Na6 14. Nf3 Nc7 15.
Nfd4 e6 16. Nb5 Ne7 17. Nxc7 Qxc7 18. Nd4 e5 19. Nb5 Qc5 20. e4 Be6 21. Bg4 f5
22. exf5 Nxf5 23. Bg5 h6 24. Bd2 Kh7 25. Re1 Rad8 26. Rc1 Re7 27. Qe2 Bf6 28. h3
Qb6 29. Red1 Qc6 30. Be1 b6 31. c4 d4 32. Bf3 Qc5 33. b4 axb4 34. Qb2 b3 35.
Qxb3 Rf7 36. Bb4 Qc8 37. Be4 Qd7 38. Qd3 Rc8 39. a5 bxa5 40. Bxa5 Be7 41. Bd2
Rc5 42. Bb4 Rxb5 43. Bxe7 Rb8 44. Bc5 Qc8 45. Ba3 Rb6 46. Rc2 Qb8 47. c5 Rb3 48.
Qa6 Ng7 49. Bc1 Ra7 50. Qe2 Bf5 51. Bxf5 Nxf5 52. Qe4 Qc7 53. Qd5 Rb5 54. Re1 d3
55. Qxd3 Rxc5 56. Rxc5 Qxc5 57. Bb2 Nd4 58. Qe4 Qb4 59. Rb1 Qc5 60. Kh2 Rd7 61.
f4 Qd5 62. Qxd5 Rxd5 63. fxe5 Rb5 64. Rd1 1-0

[Event "Challenge"]
[Site "http://www.queenalice.com/game.php?id=1127868"]
[Date "2012.12.2"]
[Round "-"]
[White "Tsol"]
[Black "cro_kramnik"]
[Result "1/2-1/2"]
[WhiteElo "2652"]
[BlackElo "2593"]

1. e4 d6 2. d4 Nf6 3. Nc3 e5 4. Nf3 Nbd7 5. Bc4 Be7 6. O-O O-O 7. a4 c6 8. Re1
a5 9. h3 Nb6 10. Ba2 Nfd7 11. Be3 exd4 12. Bxd4 Nc5 13. Bxc5 dxc5 14. Qe2 Qd6
15. Rad1 Qg6 16. Kh2 Qh6 17. Nd2 Re8 18. Kg1 Bf6 19. Qd3 Be6 20. Bxe6 Rxe6 21.
Nc4 Nxc4 22. Qxc4 b6 23. Qb3 Rb8 24. Rd7 Qg5 25. Rf1 Qf4 26. g3 Qf3 27. Rd3 Qh5
28. Kg2 Bd4 29. Rd2 Qg6 30. f3 h5 31. Ne2 h4 32. Rfd1 Be5 33. Rd8+ Rxd8 34.
Rxd8+ Kh7 35. g4 Qg5 36. Rd7 Rf6 37. Kf2 Bd6 38. Qc3 c4 39. Kg2 Be5 40. Qe1 Rd6
41. f4 Bxf4 42. Rxf7 Rd2 43. Kf3 Bg3 44. Nxg3 hxg3 45. h4 Qd8 46. Kxg3 Rxc2 47.
e5 Qd3+ 1/2-1/2

[Event "sergiogvh-2"]
[Site "http://www.queenalice.com/game.php?id=1151236"]
[Date "2013.2.12"]
[Round "3"]
[White "Tsol"]
[Black "AndyWo"]
[Result "0-1"]
[WhiteElo "2637"]
[BlackElo "2661"]

1. e4 c5 2. Nf3 Nc6 3. c3 Nf6 4. e5 Nd5 5. d4 cxd4 6. cxd4 d6 7. Bc4 e6 8. Bd2
Nb6 9. Bb3 dxe5 10. dxe5 Qd3 11. Nc3 Bd7 12. a3 Qa6 13. Ne4 Rc8 14. Rc1 Qb5 15.
Nc3 Qa6 16. Bc2 Be7 17. Be4 h6 18. Qc2 O-O 19. Bh7+ Kh8 20. Bd3 Qa5 21. Ne2 Qa4
22. Qb1 Na5 23. Nc3 Qg4 24. O-O Nb3 0-1